00391nam a2200145Ia 4500020001800000082002000018100001700038245004400055260003500099300001400134504001900148650002200167650002200189650003400211 a9781856047333 a025.00285 HAR-D aHarvey, Ross 0aDigital curation: a how to do it manual aLondonbFacet Publishingc2010 axxii, 225 aincludes index aDigital libraries aDigital libraries aDigital librariesvManagement